000
00453nam a2200181Ia 4500
008
090123s9999 xx 000 0 und d
082
_b
983
100
_a
फडके कमला
245
_a
दरवळ
250
_a
1
260
_b
कुलकर्णी पं.अ.
300
_a
159
600
_a
फडके कमला
630
_a
दरवळ
700
_a
फडके कमला
730
_a
दरवळ
942
_c
BOOK
999
_c
39068
_d
39068